000
00291nam a22001337a 4500
008
181105b xxu||||| |||| 00| 0 eng d
020
_a
022402024996
041
_a
eng
080
_a
910
100
_a
42
101
_a
GEO
245
_a
The Whole Earth Atlas
_c
Haammond
942
_2
udc
_c
BK
999
_c
51804
_d
51804